| 000 | 01094nam a22001937a 4500 | ||
|---|---|---|---|
| 008 | 120529t xxu||||| |||| 00| 0 eng d | ||
| 020 | _a1403934347 | ||
| 050 | _aHF5549.F681 | ||
| 100 | _aFanthome, Christine | ||
| 245 |
_aWork placements - a survival guide for students. / _cChristine, Fanthome |
||
| 260 |
_aNew York: _bPalgrave- Macmillan, _c2004. |
||
| 300 |
_axi, 146 p: _bill.; _c21cm. |
||
| 500 | _aIncludes index. | ||
| 505 | _aContents: Why do a work placement? -- Getting started -- Applying for a placement -- Interview success -- Getting the most out of your placement -- Common problems facing students -- Understanding employers' and tutors perspectives -- Successes - case studies -- Disappointments - case studies -- Written and Oral assignments -- From work placement to employment -- Appendix 1: Employability skills sought by employers -- Appendix 2: An Employers' guide to making the most of student. | ||
| 650 |
_aVocational education _x Great Britain. |
||
| 650 |
_aInternship programs _x Great Britain. |
||
| 650 |
_aJob hunting _x Great Britain |
||
| 942 |
_2lcc _cBK |
||
| 999 |
_c983 _d8483 |
||